El nuevo Estado industrial
保存先:
| 第一著者: | |
|---|---|
| フォーマット: | 図書 |
| 言語: | スペイン語 |
| 出版事項: |
Madrid
SARPE
1984
|
| 版: | 1a. ed |
| シリーズ: | Los Grandes Pensadores, 18
|
| 主題: | |
| タグ: |
タグ追加
タグなし, このレコードへの初めてのタグを付けませんか!
|
MARC
| LEADER | 00000cam a2200000 a 4500 | ||
|---|---|---|---|
| 001 | UCE2244 | ||
| 003 | CL-VaPUC | ||
| 008 | 140619e19840000sp |||||||||||||||||spa|d | ||
| 020 | |a 8472915786 | ||
| 082 | 0 | 4 | |a 338.881 |b GAL |2 21 |
| 100 | |a Galbraith, John Kenneth |e author |9 591930 | ||
| 245 | 1 | 3 | |a El nuevo Estado industrial |
| 250 | |a 1a. ed | ||
| 300 | |a 573 p | ||
| 942 | |c BK | ||
| 945 | |d 20140619 13:53:00 |a dcastane | ||
| 260 | |a Madrid |b SARPE |c 1984 | ||
| 650 | 0 | |a Industrias |9 263688 | |
| 650 | 0 | |a Industrialización |9 263687 | |
| 650 | 0 | |a Desarrollo industrial |9 322675 | |
| 583 | |a last modification |c 20140619 13:53:00 |k Rodrigo Vera | ||
| 490 | 0 | |a Los Grandes Pensadores, 18 | |
| 999 | |c 355893 |d 355891 | ||
| 952 | |0 0 |1 0 |3 erd |4 0 |6 338_881000000000000_GAL_1984 |7 0 |8 X |9 462834 |a FDOBUD |b FDOBUD |i 504250K |o 338.881 GAL 1984 |p 504250K |r 2019-11-23 |w 2019-11-23 |y BK_X |z Catalogado en:20140619 |k BUD | ||